00341nam a2200109Ia 4500008004100000082000800041100001700049245004900066942000600115952009500121999001500216240331s9999 xx 000 0 und d bTAM aTambiah, H.W 4aThe Laws and customs of the Tamils of Jaffna cL 001040708LaWERCLbWERCLcSSCd2024-03-31l0o 340 TAMp4163r2024-03-31w2024-03-31yL c2775d2775